000
00267nam a22001217a 4500
008
181203b xxu||||| |||| 00| 0 eng d
041
_a
eng
080
_a
311
100
_a
55
101
_a
STA
245
_a
Statistical Thermodynamics
_c
Fowler,R.H
942
_2
udc
_c
BK
999
_c
52731
_d
52731